| 000 | 00749cam a22002533a 4500 | ||
|---|---|---|---|
| 001 | 24336 | ||
| 003 | PGUSA | ||
| 005 | 20140828083523.0 | ||
| 008 | 080117s2008||||xxu|||||s|||||000 p eng d | ||
| 040 |
_aPGUSA _beng |
||
| 042 | _adc | ||
| 050 | 4 | _aPZ | |
| 100 | 1 |
_aCrosland, T. W. H. _q(Thomas William Hodgson), _d1865-1924 |
|
| 245 | 1 | 0 |
_aLittle People : _bAn Alphabet _h[electronic resource] / _cT. W. H. Crosland |
| 260 |
_bProject Gutenberg, _c2008 |
||
| 506 | _aPublic domain in the USA. | ||
| 516 | _aElectronic text | ||
| 653 | _aAlphabet rhymes | ||
| 653 | _aEthnicity -- Juvenile poetry | ||
| 700 | 1 |
_aMayer, Henry, _d1868-1954 |
|
| 830 | 0 |
_aProject Gutenberg _v24336 |
|
| 856 | 4 | 0 | _uhttp://www.gutenberg.org/ebooks/24336 |
| 942 | _cEB | ||
| 999 |
_c253591 _d253591 |
||